000
00220 a2200097 4500
001
47380
100
_a
Waltz K
245
_a
Man the state and war
260
_a
New York
_b
Columbia university
_c
090
_c
30414
_d
30414
942
_a
NUST-CAE
_c
M
_c
22686
999
_c
282453
_d
282453